[Event "2023 National K-12 Grade Championships"]
[Site "Orlando, Florida, United States"]
[Date "2023.12.16"]
[Round "5.7"]
[White "Nasta, Kiren"]
[Black "Lancman, Kyle"]
[Result "0-1"]
[TimeControl "G/90;d10"]
[WhiteElo "2225"]
[BlackElo "2174"]

1. e4 {[%clk 01:22:06]} {[%emt 00:08:03]} c5 {[%clk 01:30:00]} {[%emt
00:00:06]} 2. Nf3 {[%clk 01:22:06]} {[%emt 00:00:03]} g6 {[%clk 01:30:00]}
{[%emt 00:00:04]} 3. d4 {[%clk 01:22:06]} {[%emt 00:00:07]} cxd4 {[%clk
01:30:00]} {[%emt 00:00:06]} 4. Nxd4 {[%clk 01:18:39]} {[%emt 00:03:37]} Nc6
{[%clk 01:29:43]} {[%emt 00:00:27]} 5. Nc3 {[%clk 01:18:39]} {[%emt 00:00:04]}
Bg7 {[%clk 01:29:43]} {[%emt 00:00:07]} 6. Be3 {[%clk 01:18:39]} {[%emt
00:00:05]} Nf6 {[%clk 01:29:43]} {[%emt 00:00:05]} 7. Nxc6 {[%clk 01:18:39]}
{[%emt 00:00:06]} bxc6 {[%clk 01:29:43]} {[%emt 00:00:05]} 8. e5 {[%clk
01:18:39]} {[%emt 00:00:03]} Ng8 {[%clk 01:29:43]} {[%emt 00:00:06]} 9. Bd4
{[%clk 01:18:39]} {[%emt 00:00:05]} f6 {[%clk 01:29:43]} {[%emt 00:00:11]} 10.
Qe2 {[%clk 01:17:15]} {[%emt 00:01:34]} Qa5 {[%clk 01:29:23]} {[%emt 00:00:30]}
11. exf6 {[%clk 01:15:25]} {[%emt 00:02:00]} Nxf6 {[%clk 01:28:14]} {[%emt
00:01:19]} 12. O-O-O {[%clk 01:12:15]} {[%emt 00:03:20]} d5 {[%clk 01:12:35]}
{[%emt 00:15:49]} 13. h4 {[%clk 01:09:39]} {[%emt 00:02:46]} h5 {[%clk
01:04:15]} {[%emt 00:08:30]} 14. f3 {[%clk 01:04:26]} {[%emt 00:05:23]} Kf7
{[%clk 01:00:25]} {[%emt 00:03:59]} 15. Rg1 {[%clk 01:01:21]} {[%emt 00:03:16]}
c5 {[%clk 00:49:18]} {[%emt 00:11:18]} 16. Nxd5 {[%clk 00:55:40]} {[%emt
00:05:50]} Bh6+ {[%clk 00:43:01]} {[%emt 00:06:27]} 17. Kb1 {[%clk 00:50:44]}
{[%emt 00:05:07]} Nxd5 {[%clk 00:42:25]} {[%emt 00:00:45]} 18. Bxh8 {[%clk
00:50:28]} {[%emt 00:00:26]} Be6 {[%clk 00:42:24]} {[%emt 00:00:11]} 19. Qa6
{[%clk 00:43:14]} {[%emt 00:07:25]} Qxa6 {[%clk 00:40:18]} {[%emt 00:02:16]} 20.
Bxa6 {[%clk 00:42:27]} {[%emt 00:00:57]} Rxh8 {[%clk 00:40:18]} {[%emt
00:00:05]} 21. c3 {[%clk 00:36:48]} {[%emt 00:05:49]} Rb8 {[%clk 00:36:57]}
{[%emt 00:03:30]} 22. Ka1 {[%clk 00:36:18]} {[%emt 00:00:41]} Ne3 {[%clk
00:35:48]} {[%emt 00:01:18]} 23. Rd2 {[%clk 00:33:53]} {[%emt 00:02:35]} Bf5
{[%clk 00:35:04]} {[%emt 00:00:55]} 24. g4 {[%clk 00:25:23]} {[%emt 00:08:40]}
Nc2+ {[%clk 00:33:02]} {[%emt 00:02:12]} 25. Rxc2 {[%clk 00:20:23]} {[%emt
00:05:10]} Bxc2 {[%clk 00:33:02]} {[%emt 00:00:08]} 26. Bc4+ {[%clk 00:20:19]}
{[%emt 00:00:14]} e6 {[%clk 00:30:13]} {[%emt 00:02:59]} 27. b3 {[%clk
00:18:08]} {[%emt 00:02:21]} Rd8 {[%clk 00:29:32]} {[%emt 00:00:50]} 28. Kb2
{[%clk 00:15:16]} {[%emt 00:03:02]} Rd1 {[%clk 00:29:20]} {[%emt 00:00:22]} 29.
Rf1 {[%clk 00:13:14]} {[%emt 00:02:12]} Rxf1 {[%clk 00:27:44]} {[%emt
00:01:46]} 30. Bxf1 {[%clk 00:13:14]} {[%emt 00:00:02]} Bd1 {[%clk 00:27:23]}
{[%emt 00:00:31]} 31. g5 {[%clk 00:10:50]} {[%emt 00:02:34]} Bg7 {[%clk
00:26:39]} {[%emt 00:00:54]} 32. Bg2 {[%clk 00:10:50]} {[%emt 00:00:07]} Be2
{[%clk 00:25:09]} {[%emt 00:01:41]} 33. Kc2 {[%clk 00:10:44]} {[%emt 00:00:16]}
Ba6 {[%clk 00:24:52]} {[%emt 00:00:27]} 34. b4 {[%clk 00:08:48]} {[%emt
00:02:06]} cxb4 {[%clk 00:23:53]} {[%emt 00:01:09]} 35. cxb4 {[%clk 00:08:48]}
{[%emt 00:00:03]} Be5 {[%clk 00:22:23]} {[%emt 00:01:39]} 36. a4 {[%clk
00:08:48]} {[%emt 00:00:07]} Bg3 {[%clk 00:21:53]} {[%emt 00:00:40]} 37. b5
{[%clk 00:07:25]} {[%emt 00:01:33]} Bb7 {[%clk 00:21:23]} {[%emt 00:00:40]} 38.
a5 {[%clk 00:07:15]} {[%emt 00:00:21]} Bxh4 {[%clk 00:21:01]} {[%emt 00:00:32]}
39. a6 {[%clk 00:07:00]} {[%emt 00:00:25]} Bd5 {[%clk 00:20:29]} {[%emt
00:00:40]} 40. Kd3 {[%clk 00:05:31]} {[%emt 00:01:39]} Bxg5 {[%clk 00:19:24]}
{[%emt 00:01:15]} 41. Kd4 {[%clk 00:04:49]} {[%emt 00:00:53]} Bd8 {[%clk
00:19:15]} {[%emt 00:00:19]} 42. Kc5 {[%clk 00:03:53]} {[%emt 00:01:06]} Ke7
{[%clk 00:18:58]} {[%emt 00:00:27]} 43. Kd4 {[%clk 00:03:35]} {[%emt 00:00:28]}
g5 {[%clk 00:18:51]} {[%emt 00:00:17]} 44. Ke5 {[%clk 00:02:56]} {[%emt
00:00:50]} Bc7+ {[%clk 00:18:46]} {[%emt 00:00:15]} 45. Kd4 {[%clk 00:02:56]}
{[%emt 00:00:05]} g4 {[%clk 00:18:43]} {[%emt 00:00:12]} 46. fxg4 {[%clk
00:02:28]} {[%emt 00:00:37]} Bxg2 {[%clk 00:18:43]} {[%emt 00:00:06]} 47. gxh5
{[%clk 00:02:28]} {[%emt 00:00:02]} Bh3 {[%clk 00:18:43]} {[%emt 00:00:08]} 48.
Kc5 {[%clk 00:02:25]} {[%emt 00:00:14]} Kd7 {[%clk 00:18:43]} {[%emt 00:00:04]}
49. h6 {[%clk 00:02:24]} {[%emt 00:00:11]} Bf5 {[%clk 00:18:43]} {[%emt
00:00:04]} 0-1

[Event "2023 National K-12 Grade Championships"]
[Site "Orlando, Florida, United States"]
[Date "2023.12.16"]
[Round "5.8"]
[White "Jiang, Rui"]
[Black "Jin, Derek"]
[Result "1/2-1/2"]
[TimeControl "G/90;d10"]
[WhiteElo "1990"]
[BlackElo "2181"]

1. e4 {[%clk 01:30:00]} {[%emt 00:00:03]} c5 {[%clk 01:30:00]} {[%emt
00:00:02]} 2. Nf3 {[%clk 01:30:00]} {[%emt 00:00:02]} Nc6 {[%clk 01:30:00]}
{[%emt 00:00:04]} 3. d4 {[%clk 01:30:00]} {[%emt 00:00:04]} cxd4 {[%clk
01:30:00]} {[%emt 00:00:03]} 4. Nxd4 {[%clk 01:30:00]} {[%emt 00:00:02]} Nf6
{[%clk 01:30:00]} {[%emt 00:00:05]} 5. Nc3 {[%clk 01:30:00]} {[%emt 00:00:05]}
d6 {[%clk 01:30:00]} {[%emt 00:00:03]} 6. Bg5 {[%clk 01:30:00]} {[%emt
00:00:02]} e6 {[%clk 01:30:00]} {[%emt 00:00:06]} 7. Qd2 {[%clk 01:30:00]}
{[%emt 00:00:01]} a6 {[%clk 01:30:00]} {[%emt 00:00:07]} 8. O-O-O {[%clk
01:30:00]} {[%emt 00:00:02]} Bd7 {[%clk 01:30:00]} {[%emt 00:00:04]} 9. f3
{[%clk 01:29:49]} {[%emt 00:00:21]} Be7 {[%clk 01:29:40]} {[%emt 00:00:31]} 10.
h4 {[%clk 01:29:49]} {[%emt 00:00:09]} h6 {[%clk 01:29:40]} {[%emt 00:00:08]}
11. Be3 {[%clk 01:26:44]} {[%emt 00:03:15]} h5 {[%clk 01:29:40]} {[%emt
00:00:08]} 12. Kb1 {[%clk 01:26:37]} {[%emt 00:00:17]} Qc7 {[%clk 01:27:48]}
{[%emt 00:02:02]} 13. Bg5 {[%clk 01:24:37]} {[%emt 00:02:09]} Nxd4 {[%clk
01:25:36]} {[%emt 00:02:22]} 14. Qxd4 {[%clk 01:24:37]} {[%emt 00:00:02]} b5
{[%clk 01:25:36]} 15. Bxf6 {[%clk 01:22:22]} {[%emt 00:02:25]} Bxf6 {[%clk
01:23:48]} {[%emt 00:01:58]} 16. Qxd6 {[%clk 01:22:22]} {[%emt 00:00:10]} Qxd6
{[%clk 01:23:48]} 17. Rxd6 {[%clk 01:22:22]} {[%emt 00:00:02]} Ke7 {[%clk
01:23:48]} {[%emt 00:00:04]} 18. Rd1 {[%clk 01:21:11]} {[%emt 00:01:21]} b4
{[%clk 01:11:48]} {[%emt 00:12:11]} 19. Ne2 {[%clk 01:21:02]} {[%emt 00:00:19]}
g6 {[%clk 01:11:48]} {[%emt 00:00:05]} 20. Nf4 {[%clk 01:18:57]} {[%emt
00:02:15]} Rhb8 {[%clk 00:48:16]} {[%emt 00:23:42]} 21. Nd3 {[%clk 01:10:16]}
{[%emt 00:08:50]} Bd4 {[%clk 00:47:17]} {[%emt 00:01:09]} 22. Nf4 {[%clk
01:10:08]} {[%emt 00:00:18]} Be3 {[%clk 00:39:27]} {[%emt 00:07:59]} 23. Nd3
{[%clk 01:07:50]} {[%emt 00:02:28]} a5 {[%clk 00:37:45]} {[%emt 00:01:53]} 24.
Ne5 {[%clk 01:06:19]} {[%emt 00:01:41]} Be8 {[%clk 00:37:45]} {[%emt 00:00:02]}
25. Nc4 {[%clk 01:02:57]} {[%emt 00:03:31]} Bc5 {[%clk 00:37:45]} {[%emt
00:00:03]} 26. Bd3 {[%clk 01:02:02]} {[%emt 00:01:05]} a4 {[%clk 00:29:43]}
{[%emt 00:08:12]} 27. e5 {[%clk 00:59:02]} {[%emt 00:03:09]} a3 {[%clk
00:27:52]} {[%emt 00:02:02]} 28. Be4 {[%clk 00:57:15]} {[%emt 00:01:57]} Ra6
{[%clk 00:27:52]} {[%emt 00:00:02]} 29. b3 {[%clk 00:55:50]} {[%emt 00:01:35]}
Bb5 {[%clk 00:27:08]} {[%emt 00:00:54]} 30. Bd3 {[%clk 00:53:53]} {[%emt
00:02:06]} Rd8 {[%clk 00:22:30]} {[%emt 00:04:49]} 31. Nb2 {[%clk 00:47:40]}
{[%emt 00:06:22]} axb2 {[%clk 00:22:30]} {[%emt 00:00:02]} 32. Bxb5 {[%clk
00:47:40]} {[%emt 00:00:08]} Raa8 {[%clk 00:22:30]} 33. Kxb2 {[%clk 00:45:42]}
{[%emt 00:02:08]} Bd4+ {[%clk 00:22:19]} {[%emt 00:00:21]} 34. Kb1 {[%clk
00:45:42]} {[%emt 00:00:07]} Ra5 {[%clk 00:20:24]} {[%emt 00:02:05]} 35. c4
{[%clk 00:40:19]} {[%emt 00:05:33]} bxc3 {[%clk 00:14:35]} {[%emt 00:05:59]} 36.
a4 {[%clk 00:40:19]} {[%emt 00:00:07]} Raa8 {[%clk 00:14:35]} {[%emt 00:00:05]}
37. Rhe1 {[%clk 00:36:32]} {[%emt 00:03:57]} f6 {[%clk 00:12:43]} {[%emt
00:02:02]} 38. exf6+ {[%clk 00:32:01]} {[%emt 00:04:41]} Bxf6 {[%clk 00:10:14]}
{[%emt 00:02:38]} 39. g3 {[%clk 00:30:52]} {[%emt 00:01:20]} Rd2 {[%clk
00:10:04]} {[%emt 00:00:20]} 40. Rxd2 {[%clk 00:28:40]} {[%emt 00:02:22]} cxd2
{[%clk 00:10:04]} 41. Rd1 {[%clk 00:28:22]} {[%emt 00:00:28]} Bc3 {[%clk
00:10:04]} {[%emt 00:00:01]} 42. Kc2 {[%clk 00:28:13]} {[%emt 00:00:19]} Ba5
{[%clk 00:10:04]} {[%emt 00:00:10]} 43. Rxd2 {[%clk 00:26:58]} {[%emt
00:01:25]} Rc8+ {[%clk 00:08:10]} {[%emt 00:02:04]} 44. Bc4 {[%clk 00:26:25]}
{[%emt 00:00:43]} Bxd2 {[%clk 00:08:10]} {[%emt 00:00:02]} 45. Kxd2 {[%clk
00:26:25]} Kd6 {[%clk 00:07:27]} {[%emt 00:00:53]} 46. Bd3 {[%clk 00:25:37]}
{[%emt 00:00:58]} Ke5 {[%clk 00:06:49]} {[%emt 00:00:48]} 47. Bxg6 {[%clk
00:25:22]} {[%emt 00:00:25]} Rg8 {[%clk 00:06:21]} {[%emt 00:00:39]} 48. Bxh5
{[%clk 00:25:22]} {[%emt 00:00:07]} Rxg3 {[%clk 00:06:21]} 49. Bg4 {[%clk
00:25:10]} {[%emt 00:00:21]} Kd4 {[%clk 00:06:15]} {[%emt 00:00:16]} 50. Ke2
{[%clk 00:23:15]} {[%emt 00:02:05]} Rg2+ {[%clk 00:06:15]} {[%emt 00:00:01]} 51.
Kf1 {[%clk 00:23:14]} {[%emt 00:00:12]} Rh2 {[%clk 00:06:15]} 52. Bxe6 {[%clk
00:22:58]} {[%emt 00:00:25]} Ke3 {[%clk 00:06:15]} {[%emt 00:00:08]} 53. Kg1
{[%clk 00:21:39]} {[%emt 00:01:29]} Rxh4 {[%clk 00:05:20]} {[%emt 00:01:05]} 54.
Kg2 {[%clk 00:21:31]} {[%emt 00:00:18]} Rh6 {[%clk 00:05:20]} {[%emt 00:00:06]}
55. Bc4 {[%clk 00:21:01]} {[%emt 00:00:40]} Rg6+ {[%clk 00:05:20]} {[%emt
00:00:04]} 56. Kf1 {[%clk 00:20:52]} {[%emt 00:00:20]} Kxf3 {[%clk 00:05:20]}
{[%emt 00:00:05]} 57. a5 {[%clk 00:20:52]} {[%emt 00:00:08]} Ke3 {[%clk
00:04:17]} {[%emt 00:01:13]} 58. a6 {[%clk 00:20:40]} {[%emt 00:00:22]} Kd4
{[%clk 00:03:40]} {[%emt 00:00:46]} 59. Be2 {[%clk 00:16:33]} {[%emt 00:04:17]}
Rf6+ {[%clk 00:03:38]} {[%emt 00:00:12]} 60. Kg2 {[%clk 00:16:17]} {[%emt
00:00:26]} Kc3 {[%clk 00:03:22]} {[%emt 00:00:26]} 61. a7 {[%clk 00:15:28]}
{[%emt 00:00:59]} Rf8 {[%clk 00:03:22]} {[%emt 00:00:01]} 62. Bf3 {[%clk
00:15:28]} {[%emt 00:00:04]} Kxb3 {[%clk 00:03:22]} {[%emt 00:00:02]} 63. a8=Q
{[%clk 00:15:28]} {[%emt 00:00:03]} Rxa8 {[%clk 00:03:22]} {[%emt 00:00:01]} 64.
Bxa8 {[%emt 00:00:01]} 1/2-1/2

[Event "2023 National K-12 Grade Championships"]
[Site "Orlando, Florida, United States"]
[Date "2023.12.16"]
[Round "5.9"]
[White "Zhang, Roger"]
[Black "Slate, Kent"]
[Result "1/2-1/2"]
[TimeControl "G/90;d10"]
[WhiteElo "2214"]
[BlackElo "2175"]

1. e4 {[%clk 01:30:00]} c5 {[%clk 01:27:51]} {[%emt 00:02:19]} 2. Nf3 {[%clk
01:30:00]} {[%emt 00:00:03]} Nc6 {[%clk 01:27:51]} {[%emt 00:00:04]} 3. Bb5
{[%clk 01:29:54]} {[%emt 00:00:17]} g6 {[%clk 01:27:51]} {[%emt 00:00:07]} 4.
O-O {[%clk 01:29:54]} {[%emt 00:00:10]} Bg7 {[%clk 01:27:51]} {[%emt 00:00:07]}
5. Re1 {[%clk 01:29:54]} {[%emt 00:00:06]} e5 {[%clk 01:27:20]} {[%emt
00:00:41]} 6. Bxc6 {[%clk 01:29:30]} {[%emt 00:00:34]} dxc6 {[%clk 01:27:14]}
{[%emt 00:00:15]} 7. d3 {[%clk 01:29:30]} {[%emt 00:00:06]} Qe7 {[%clk
01:26:54]} {[%emt 00:00:30]} 8. Nbd2 {[%clk 01:29:22]} {[%emt 00:00:18]} Be6
{[%clk 01:21:36]} {[%emt 00:05:29]} 9. a4 {[%clk 01:27:19]} {[%emt 00:02:13]}
a5 {[%clk 01:16:08]} {[%emt 00:05:38]} 10. b3 {[%clk 01:26:14]} {[%emt
00:01:15]} f6 {[%clk 01:14:10]} {[%emt 00:02:07]} 11. Nc4 {[%clk 01:24:05]}
{[%emt 00:02:19]} Qc7 {[%clk 01:13:43]} {[%emt 00:00:37]} 12. Bd2 {[%clk
01:21:25]} {[%emt 00:02:50]} Ne7 {[%clk 01:12:19]} {[%emt 00:01:34]} 13. Bc3
{[%clk 01:18:40]} {[%emt 00:02:56]} O-O {[%clk 01:09:54]} {[%emt 00:02:34]} 14.
Nfd2 {[%clk 01:16:27]} {[%emt 00:02:23]} Ra7 {[%clk 01:01:47]} {[%emt
00:08:17]} 15. Qe2 {[%clk 01:10:16]} {[%emt 00:06:22]} b5 {[%clk 00:55:15]}
{[%emt 00:06:42]} 16. Ne3 {[%clk 01:08:58]} {[%emt 00:01:27]} Nc8 {[%clk
00:53:14]} {[%emt 00:02:11]} 17. Ndf1 {[%clk 01:06:47]} {[%emt 00:02:21]} Nd6
{[%clk 00:51:27]} {[%emt 00:01:56]} 18. Ra2 {[%emt 00:16:10]} c4 {[%clk
00:41:37]} 19. bxc4 {[%clk 00:58:35]} {[%emt 00:02:23]} bxc4 {[%clk 00:41:34]}
{[%emt 00:00:12]} 20. Nxc4 {[%clk 00:57:42]} {[%emt 00:01:03]} Nxc4 {[%clk
00:41:29]} {[%emt 00:00:15]} 21. dxc4 {[%clk 00:57:42]} {[%emt 00:00:04]} Qe7
{[%clk 00:40:05]} {[%emt 00:01:34]} 22. Rb2 {[%clk 00:53:14]} {[%emt 00:04:38]}
Bh6 {[%clk 00:33:54]} {[%emt 00:06:21]} 23. Bd2 {[%clk 00:49:09]} {[%emt
00:04:15]} Bxd2 {[%clk 00:32:24]} {[%emt 00:01:40]} 24. Qxd2 {[%clk 00:49:09]}
{[%emt 00:00:10]} Rd8 {[%clk 00:30:55]} {[%emt 00:01:39]} 25. Qc3 {[%clk
00:40:34]} {[%emt 00:08:44]} Rd4 {[%clk 00:30:54]} {[%emt 00:00:11]} 26. Nd2
{[%clk 00:36:03]} {[%emt 00:04:41]} Rad7 {[%clk 00:29:04]} {[%emt 00:02:00]} 27.
Nf3 {[%clk 00:32:52]} {[%emt 00:03:22]} Rxc4 {[%clk 00:27:52]} {[%emt
00:01:22]} 28. Qxa5 {[%clk 00:32:52]} {[%emt 00:00:06]} Qa3 {[%clk 00:24:20]}
{[%emt 00:03:41]} 29. Qa8+ {[%clk 00:29:54]} {[%emt 00:03:08]} Kg7 {[%clk
00:23:57]} {[%emt 00:00:33]} 30. Rb3 {[%clk 00:26:14]} {[%emt 00:03:50]} Qc5
{[%clk 00:22:49]} {[%emt 00:01:18]} 31. Rb2 {[%clk 00:10:33]} {[%emt 00:15:51]}
Rxc2 {[%clk 00:20:40]} {[%emt 00:02:18]} 32. Rxc2 {[%clk 00:10:33]} {[%emt
00:00:07]} Qxc2 {[%clk 00:20:40]} {[%emt 00:00:04]} 33. Qe8 {[%clk 00:10:33]}
{[%emt 00:00:10]} Qc4 {[%clk 00:20:25]} {[%emt 00:00:25]} 34. h4 {[%clk
00:08:22]} {[%emt 00:02:22]} Ra7 {[%clk 00:16:09]} {[%emt 00:04:26]} 35. h5
{[%clk 00:06:07]} {[%emt 00:02:24]} gxh5 {[%clk 00:15:59]} {[%emt 00:00:20]} 36.
Nh4 {[%clk 00:03:53]} {[%emt 00:02:25]} Bg4 {[%clk 00:15:36]} {[%emt 00:00:33]}
37. Rb1 {[%clk 00:02:32]} {[%emt 00:01:31]} Qe6 {[%clk 00:14:27]} {[%emt
00:01:18]} 38. Qb8 {[%clk 00:01:11]} {[%emt 00:01:31]} Qd7 {[%clk 00:14:12]}
{[%emt 00:00:26]} 39. Rb3 {[%clk 00:01:06]} {[%emt 00:00:14]} c5 {[%clk
00:13:33]} {[%emt 00:00:48]} 40. Rg3 {[%clk 00:01:06]} {[%emt 00:00:07]} h6
{[%clk 00:08:44]} {[%emt 00:05:00]} 41. Nf5+ {[%emt 00:01:45]} Kh7 42. Qf8 Qf7
43. Qxh6+ {[%emt 00:00:02]} 1/2-1/2

[Event "2023 National K-12 Grade Championships"]
[Site "Orlando, Florida, United States"]
[Date "2023.12.16"]
[Round "5.10"]
[White "Safranek, William"]
[Black "Shukla, Aniket"]
[Result "1/2-1/2"]
[TimeControl "G/90;d10"]
[WhiteElo "2149"]
[BlackElo "2186"]

1. e4 {[%clk 01:30:00]} c5 {[%clk 01:26:35]} {[%emt 00:03:29]} 2. Nc3 {[%clk
01:30:00]} {[%emt 00:00:10]} Nc6 {[%clk 01:26:35]} {[%emt 00:00:05]} 3. Bb5
{[%clk 01:30:00]} {[%emt 00:00:04]} Nd4 {[%clk 01:26:25]} {[%emt 00:00:20]} 4.
Nf3 {[%clk 01:30:00]} {[%emt 00:00:04]} g6 {[%clk 01:26:22]} {[%emt 00:00:13]}
5. Bc4 {[%clk 01:29:58]} {[%emt 00:00:13]} Bg7 {[%clk 01:24:32]} {[%emt
00:02:00]} 6. Nxd4 {[%clk 01:29:58]} {[%emt 00:00:04]} cxd4 {[%clk 01:20:58]}
{[%emt 00:03:43]} 7. Qf3 {[%clk 01:29:58]} {[%emt 00:00:05]} e6 {[%clk
01:08:16]} {[%emt 00:12:52]} 8. Nb5 {[%clk 01:29:58]} {[%emt 00:00:06]} d6
{[%clk 01:07:42]} {[%emt 00:00:44]} 9. Qa3 {[%clk 01:29:58]} {[%emt 00:00:06]}
Ke7 {[%clk 01:05:48]} {[%emt 00:02:03]} 10. c3 {[%clk 01:19:18]} {[%emt
00:10:50]} Qb6 {[%clk 00:59:34]} {[%emt 00:06:23]} 11. Nxd4 {[%clk 01:14:19]}
{[%emt 00:05:09]} Bxd4 {[%clk 00:59:18]} {[%emt 00:00:25]} 12. cxd4 {[%clk
01:14:19]} {[%emt 00:00:03]} Qxd4 {[%clk 00:59:18]} {[%emt 00:00:10]} 13. d3
{[%clk 01:14:19]} {[%emt 00:00:09]} Qc5 {[%clk 00:58:33]} {[%emt 00:00:55]} 14.
b4 {[%clk 01:13:13]} {[%emt 00:01:17]} Qc7 {[%clk 00:51:40]} {[%emt 00:06:46]}
15. O-O {[%clk 01:08:39]} {[%emt 00:05:01]} f6 {[%clk 00:44:42]} {[%emt
00:07:08]} 16. Qb3 {[%clk 01:04:07]} {[%emt 00:04:42]} Qd7 {[%clk 00:41:38]}
{[%emt 00:03:13]} 17. b5 {[%clk 01:02:36]} {[%emt 00:01:42]} Kf7 {[%clk
00:41:30]} {[%emt 00:00:18]} 18. Bb2 {[%clk 00:54:03]} {[%emt 00:08:43]} Kg7
{[%clk 00:38:59]} {[%emt 00:02:40]} 19. f4 {[%clk 00:53:45]} {[%emt 00:00:29]}
Qe8 {[%clk 00:35:06]} {[%emt 00:04:02]} 20. Ba3 {[%clk 00:48:25]} {[%emt
00:05:31]} Nh6 {[%clk 00:27:26]} {[%emt 00:07:48]} 21. Bxd6 {[%clk 00:47:16]}
{[%emt 00:01:21]} Nf7 {[%clk 00:25:27]} {[%emt 00:02:09]} 22. Bb4 {[%clk
00:46:07]} {[%emt 00:01:19]} Bd7 {[%clk 00:25:27]} {[%emt 00:00:05]} 23. Bc3
{[%clk 00:45:48]} {[%emt 00:00:29]} Rf8 {[%clk 00:25:05]} {[%emt 00:00:30]} 24.
Qb2 {[%clk 00:41:56]} {[%emt 00:04:03]} Qd8 {[%clk 00:23:55]} {[%emt 00:01:19]}
25. Qb3 {[%clk 00:31:15]} {[%emt 00:10:53]} Qb6+ {[%clk 00:21:02]} {[%emt
00:03:02]} 26. Kh1 {[%clk 00:31:08]} {[%emt 00:00:18]} Nd6 {[%clk 00:20:49]}
{[%emt 00:00:22]} 27. Bb4 {[%clk 00:23:42]} {[%emt 00:07:37]} Rfd8 {[%clk
00:19:53]} {[%emt 00:01:05]} 28. e5 {[%clk 00:17:28]} {[%emt 00:06:25]} fxe5
{[%clk 00:17:34]} {[%emt 00:02:28]} 29. Bxd6 {[%clk 00:13:21]} {[%emt
00:04:18]} Qxd6 {[%clk 00:17:33]} {[%emt 00:00:11]} 30. fxe5 {[%clk 00:13:21]}
{[%emt 00:00:02]} Qxe5 {[%clk 00:16:35]} {[%emt 00:01:08]} 31. Rae1 {[%clk
00:13:21]} {[%emt 00:00:03]} Rf8 {[%clk 00:12:23]} {[%emt 00:04:21]} 32. Qb4
{[%clk 00:07:25]} {[%emt 00:06:08]} Rxf1+ {[%clk 00:12:14]} {[%emt 00:00:18]}
33. Rxf1 {[%clk 00:07:25]} {[%emt 00:00:03]} Re8 {[%clk 00:12:14]} {[%emt
00:00:01]} 34. Qa5 {[%clk 00:06:03]} {[%emt 00:01:32]} Rf8 {[%clk 00:09:18]}
{[%emt 00:03:05]} 35. Rg1 {[%clk 00:06:03]} {[%emt 00:00:11]} Qc5 {[%clk
00:09:08]} {[%emt 00:00:17]} 1/2-1/2